000 00320 a2200133 4500
000 nam a22 7a 4500
100 _aSingh, Kiran
110 _aSingh, Kiran
245 _aVisnu Pratimaye
250 _aLatest edition
260 _bSwati Publications
_c2013
264 _bSwati Publications
_c2013
942 _cBK
999 _c395036
_d395036